| 000 | 00464cam a2200193ua 4500 | ||
|---|---|---|---|
| 001 | 2613 | ||
| 008 | 110829n ii |||gr||||Z||||||asm | ||
| 040 | _cMAIN | ||
| 082 | _a491.4515 | ||
| 100 |
_aDutta, Dandi Ram., _eAuthor. |
||
| 245 |
_aSathar, fokora jujana. _cBy Dandi Ram Dutta |
||
| 250 | _a1st. | ||
| 260 |
_aGuwahati: _bNew Book Stall,973. |
||
| 300 | _a258 p.:8 cm. | ||
| 653 | _aAssamese | ||
| 653 | _aSathar | ||
| 653 | _aFokora jujana | ||
| 942 | _cBK | ||
| 999 |
_c2464 _d2464 |
||